000 00407nam a2200169Ia 4500
008 221030s9999 xx 000 0 und d
020 _a0201539926
041 _aEnglish
082 _a105.23
100 _aB. Stroustrup
245 4 _aThe C ++ Programming Language
_cby B. Stroustrup
250 _a2nd
260 _bAddison Wesley
_aNew Delhi
_c1995
300 _a699
650 _aComputers
942 _cBK
999 _c9631
_d9631